<?xml version="1.0" encoding="UTF-8"?>
<record
    xmlns:xsi="http://www.w3.org/2001/XMLSchema-instance"
    xsi:schemaLocation="http://www.loc.gov/MARC21/slim http://www.loc.gov/standards/marcxml/schema/MARC21slim.xsd"
    xmlns="http://www.loc.gov/MARC21/slim">

  <leader>00779nam a22001931i 4500</leader>
  <controlfield tag="001">13407</controlfield>
  <datafield tag="090" ind1=" " ind2=" ">
    <subfield code="a">13407</subfield>
  </datafield>
  <datafield tag="100" ind1=" " ind2=" ">
    <subfield code="a">20170304u        u  u0frey50      ba</subfield>
  </datafield>
  <datafield tag="101" ind1="0" ind2=" ">
    <subfield code="a">por</subfield>
  </datafield>
  <datafield tag="200" ind1="1" ind2=" ">
    <subfield code="f">Ludwig Knoll</subfield>
    <subfield code="a">Dicion&#xE1;rio de psicologia pr&#xE1;tica</subfield>
  </datafield>
  <datafield tag="215" ind1=" " ind2=" ">
    <subfield code="a">332, [6] p.a 2 colns.</subfield>
    <subfield code="d">25 cm</subfield>
  </datafield>
  <datafield tag="300" ind1=" " ind2=" ">
    <subfield code="a">Oferta de Raquel e Duarte Vaz-Pinto</subfield>
  </datafield>
  <datafield tag="702" ind1=" " ind2="1">
    <subfield code="a">Salema</subfield>
    <subfield code="b">&#xC1;lvaro</subfield>
    <subfield code="4">730</subfield>
  </datafield>
  <datafield tag="700" ind1=" " ind2="1">
    <subfield code="a">Knoll</subfield>
    <subfield code="b">Ludwig</subfield>
    <subfield code="4">070</subfield>
  </datafield>
  <datafield tag="210" ind1=" " ind2=" ">
    <subfield code="c">C&#xED;rculo de Leitores</subfield>
    <subfield code="a">Lisboa</subfield>
    <subfield code="d">imp. 1982</subfield>
  </datafield>
  <datafield tag="996" ind1=" " ind2=" ">
    <subfield code="f">0015279</subfield>
    <subfield code="k">DIC</subfield>
    <subfield code="m">00000000</subfield>
    <subfield code="n">00000000</subfield>
    <subfield code="a">BMVA</subfield>
    <subfield code="b">1</subfield>
    <subfield code="v">Viana do Alentejo</subfield>
    <subfield code="x">Psicologia</subfield>
    <subfield code="y">25</subfield>
    <subfield code="e">Livro</subfield>
    <subfield code="1">0</subfield>
    <subfield code="3">1</subfield>
  </datafield>
  <datafield tag="996" ind1=" " ind2=" ">
    <subfield code="f">0016878</subfield>
    <subfield code="k">DIC</subfield>
    <subfield code="m">00000000</subfield>
    <subfield code="n">00000000</subfield>
    <subfield code="a">BMVAAL</subfield>
    <subfield code="b">3</subfield>
    <subfield code="v">Alc&#xE1;&#xE7;ovas</subfield>
    <subfield code="x">Dicion&#xE1;rios Diversos</subfield>
    <subfield code="y">11</subfield>
    <subfield code="e">Livro</subfield>
    <subfield code="1">0</subfield>
    <subfield code="3">1</subfield>
  </datafield>
  <datafield tag="996" ind1=" " ind2=" ">
    <subfield code="f">0034226</subfield>
    <subfield code="k">DIC</subfield>
    <subfield code="m">00000000</subfield>
    <subfield code="n">00000000</subfield>
    <subfield code="a">BMVAAG</subfield>
    <subfield code="b">4</subfield>
    <subfield code="v">Aguiar</subfield>
    <subfield code="x">Dicion&#xE1;rios Diversos</subfield>
    <subfield code="y">11</subfield>
    <subfield code="e">Livro</subfield>
    <subfield code="1">0</subfield>
    <subfield code="3">1</subfield>
  </datafield>
  <datafield tag="990" ind1=" " ind2=" ">
    <subfield code="c">LIVROS</subfield>
  </datafield>
  <datafield tag="995" ind1=" " ind2=" ">
    <subfield code="0">0</subfield>
    <subfield code="1">0</subfield>
    <subfield code="9">18260</subfield>
    <subfield code="b">BMVA</subfield>
    <subfield code="d">BMVA</subfield>
    <subfield code="e">DEP</subfield>
    <subfield code="f">0019343</subfield>
    <subfield code="o">0</subfield>
    <subfield code="r">LIVROS</subfield>
    <subfield code="u">Caixa 33 vnt</subfield>
  </datafield>
  <datafield tag="995" ind1=" " ind2=" ">
    <subfield code="0">0</subfield>
    <subfield code="1">0</subfield>
    <subfield code="9">18261</subfield>
    <subfield code="b">BMVA</subfield>
    <subfield code="d">BMVAAL</subfield>
    <subfield code="f">0020419</subfield>
    <subfield code="k">159.9 KNO</subfield>
    <subfield code="o">0</subfield>
    <subfield code="r">LIVROS</subfield>
  </datafield>
  <datafield tag="995" ind1=" " ind2=" ">
    <subfield code="0">0</subfield>
    <subfield code="1">6</subfield>
    <subfield code="9">18262</subfield>
    <subfield code="b">BMVA</subfield>
    <subfield code="d">BMVAAG</subfield>
    <subfield code="f">0019236</subfield>
    <subfield code="k">159.9 KNO</subfield>
    <subfield code="o">0</subfield>
    <subfield code="r">LIVROS</subfield>
  </datafield>
</record>
